LEADER 00737nam0-22002651i-450- 001 990005098900403321 005 19990530 035 $a000509890 035 $aFED01000509890 035 $a(Aleph)000509890FED01 035 $a000509890 100 $a19990530g19729999km-y0itay50------ba 101 0 $aita 105 $aa-------00--- 200 1 $a<>evolution of primate behavior$fAlison Jolly 210 $aNew York$cMacmillian Co.$dc1972. 215 $aXIII, 397 p.$cill.$d23 cm 700 1$aJolly,$bAlison$0154120 801 0$aIT$bUNINA$gRICA$2UNIMARC 901 $aBK 912 $a990005098900403321 952 $aXV C 28$bBibl. 49339$fFLFBC 959 $aFLFBC 996 $aEvolution of primate behavior$9535622 997 $aUNINA LEADER 00947nam0-22003251i-450- 001 990003017200403321 010 $a0-520-06164-0 035 $a000301720 035 $aFED01000301720 035 $a(Aleph)000301720FED01 035 $a000301720 100 $a20000920d1987----km-y0itay50------ba 101 0 $aeng 102 $aIT 200 1 $aBanker to the Third World$eU.S. Portfolio Investment in Latin America, 1900-1986$fBarbara Stallings. 210 $aBerkeley$aLos Angeles$aLondon$cUniversity of California Press$d1987. 215 $aXVII, 434 p.$d20 cm 225 1 $aStudies in international political economy 676 $aE/5 676 $aF/1.21 676 $aO/2.223 702 1$aStallings,$bBarbara 801 0$aIT$bUNINA$gRICA$2UNIMARC 901 $aBK 912 $a990003017200403321 952 $aO/2223 STA$b6950$fSES 959 $aSES 996 $aBanker to the Third World$9467534 997 $aUNINA DB $aING01